000 01859cam a2200445 a 4500
001 8433
003 FISKH
005 20250911152834.0
008 001108s2000 nyua b 000 1 eng d
010 _a 00708627
020 _a1587170329
_qlib. bdg.
020 _a1587170310
_qpbk.
020 _a9781587170324
_q(lib. bdg.)
020 _a9781587170317
_q(pbk.)
040 _aEOW
_cEOW
_dDLC
_beng
050 _aPZ5 .P438
082 _a808.83
100 _aBrown, Marc
245 0 0 _aPet stories :
_bYou don't have to walk/
260 _aNew York :
_bSeaStar Books,
_c2000.
300 _a64 pages :
_bcolor illustrations ;
_c21 cm
336 _atext
_btxt
_2rdacontent
337 _aunmediated
_bn
_2rdamedia
338 _avolume
_bnc
_2rdacarrier
440 0 _aReading rainbow readers
505 0 _aBest pet (from Rex and Lilly ...) / Laurie Krasny Brown -- Why not get a pterodactyl (from Weird pet poems) / Lee Bennett Hopkins -- A dog's tale (excerpt from) / Seymour Reit --The kittens (from Henry and Mudge in puddle trouble) / Cynthia Rylant -- My fish can ride a bicycle (from Something big has been here) / Jack Prelutsky -- Danny and the dinosaur (selections from) / Syd Hoff -- Good day (from three stories you can read ...) / Sara Swan Miller.
505 0 _aJ
520 _aA collection of stories and poems about various kinds of pets.
521 8 _a500
_bLexile estimate
521 8 _aJ
_bRaz-Plus
650 0 _aPets
_vJuvenile fiction.
650 0 _aChildren's stories, American.
650 1 _aPets
_vFiction.
650 1 _aShort stories.
655 7 _aFiction.
_2lcgft
_0https://id.loc.gov/authorities/genreForms/gf2014026339
655 7 _aFiction.
_2lcgft
_0https://id.loc.gov/authorities/genreForms/gf2014026339
906 _a7
_bcbc
_ccopycat
_d3
_encip
_f20
_gy-gencatlg
942 _2ddc
_cBK
_n0
999 _c8433
_d8433